Most Common Street Name in Every U.S. State - Statistics

General Stats
  • This quiz has been taken 134 times
  • The average score is 22 of 50
Answer Stats
U.S. State # Street % Correct
Maine 140 Main
83%
Utah 97 Main
83%
Idaho 108 First
79%
Iowa 320 First
79%
Kansas 272 First
79%
Minnesota 412 First
79%
Nebraska 172 First
79%
Nevada 37 First
79%
South Dakota 170 First
79%
Alaska 73 Second
78%
Florida 434 Second
78%
Montana 192 Second
78%
North Dakota 214 Second
78%
Oregon 172 Second
78%
Wyoming 73 Second
78%
Washington 255 Third
74%
Arkansas 199 Oak
62%
Oklahoma 241 Oak
62%
Kentucky 202 Maple
44%
Michigan 424 Maple
44%
New Hampshire 61 Maple
44%
Pennsylvania 542 Maple
44%
West Virginia 184 Maple
44%
California 367 Park
31%
Connecticut 78 Park
31%
Illinois 461 Park
31%
Indiana 284 Park
31%
Maryland 108 Park
31%
Massachusetts 111 Park
31%
Missouri 328 Park
31%
New Jersey 184 Park
31%
New York 451 Park
31%
Ohio 418 Park
31%
Rhode Island 29 Park
31%
South Carolina 165 Park
31%
Texas 590 Park
31%
Vermont 55 Park
31%
Wisconsin 377 Park
31%
New Mexico 85 Cedar
18%
Virginia 188 Lee
17%
Louisiana 175 Magnolia
11%
Mississippi 172 Magnolia
11%
Colorado 187 Aspen
9%
Alabama 240 Dogwood
6%
Georgia 408 Dogwood
6%
North Carolina 328 Dogwood
6%
Tennessee 227 Dogwood
6%
Delaware 31 Holly
3%
Arizona 120 Apache
1%
Hawaii 20 Lehua
0%
No matching quizzes found
Score Distribution
Percent of People with Each Score
Percentile by Number Answered
Your Score History
You have not taken this quiz